Integral equations and boundary value problems (Record no. 12439)

000 -LEADER
fixed length control field 00616nam a22001817a 4500
008 - FIXED-LENGTH DATA ELEMENTS--GENERAL INFORMATION
fixed length control field 230704b 2022 ||||| |||| 00| 0 eng d
020 ## - INTERNATIONAL STANDARD BOOK NUMBER
International Standard Book Number 9789352838950
082 ## - DEWEY DECIMAL CLASSIFICATION NUMBER
Item number 515.45
Classification number RAI
100 ## - MAIN ENTRY--PERSONAL NAME
Personal name Raisinghania, M D
245 ## - TITLE STATEMENT
Title Integral equations and boundary value problems
250 ## - EDITION STATEMENT
Edition statement 10th ed.
260 ## - PUBLICATION, DISTRIBUTION, ETC. (IMPRINT)
Place of publication, distribution, etc India
Name of publisher, distributor, etc S. Chand
Date of publication, distribution, etc 2022
300 ## - PHYSICAL DESCRIPTION
Extent xxvi, 14.16p.
650 ## - SUBJECT ADDED ENTRY--TOPICAL TERM
Topical term or geographic name as entry element Preliminary Concepts
650 ## - SUBJECT ADDED ENTRY--TOPICAL TERM
Topical term or geographic name as entry element Conversion of Ordinary Differential Equations Into Integral Equations
650 ## - SUBJECT ADDED ENTRY--TOPICAL TERM
Topical term or geographic name as entry element Homogeneous Fredholm integral Equations of the Second kind with Separable or Degenerate Kernels
942 ## - ADDED ENTRY ELEMENTS (KOHA)
Item type Books
Holdings
Withdrawn status Lost status Source of classification or shelving scheme Damaged status Not for loan Collection code Permanent location Current location Shelving location Date acquired Total Checkouts Full call number Barcode Checked out Date last seen Date last borrowed Koha item type Public note
          Non-fiction IMU-MPC Library IMU-MPC Library General Stacks 2023-07-04 1 515.45 RAI MPC6788 2026-11-30 2026-03-20 2026-03-20 Books Column - 24
Copyright © 2021 Indian Maritime University, Mumbai Port Campus. All Rights Reserved. Managed & Maintained by Central Library, IMU-Mumbai

webs counters

Powered by Koha